Advanced grammar in use <a> self-study reference and practice book for advanced learners of English with answers

Gespeichert in:
Bibliographische Detailangaben
1. Verfasser: Hewings, Martin
Format: Buch
Sprache:Englisch
Veröffentlicht: Cambridge Cambridge University Press 2010
Ausgabe:2nd ed.
Schlagworte:
Tags: Tag hinzufügen
Keine Tags, Fügen Sie das erste Tag hinzu!

MARC

LEADER 00000nam a2200000 4500
001 0118731
005 20230811100418.7
020 |a 978-0-521-61403-0 
041 0 |a eng 
044 |a GB 
245 1 0 |a Advanced grammar in use  |b <a> self-study reference and practice book for advanced learners of English with answers  |c Martin Hewings 
250 |a 2nd ed. 
264 1 |a Cambridge  |b Cambridge University Press  |c 2010 
300 |a 294 s. 
610 2 0 |a jazykoveda 
610 2 0 |a terminológia 
610 2 0 |a angličtina 
100 1 |a Hewings, Martin